000 01025nam a2200277Ia 4500
003 OSt
005 20221005104359.0
006 a|||||r|||| 00| 0
007 ta
008 221004b |||||||| |||| 00| 0 hin d
020 _a9789384754747 (hbk)
_cINR 295.00
024 _a64668
037 _bGV728, 11/03/2020, Vani Prakashan
_cTextual
040 _aCRL
_cCRL
_bhin
041 _2hin
_ahin
082 _aO152,8x, Q9
100 _aचतुर्वेदी, ज्ञान, ले.
245 0 _aगौरतलब व्यंग्य
246 _aGauratalab vyangya
260 _aदिल्ली
_bभारत पुस्तक भण्डार भारत
_c2019
300 _a152पृ0
_ccm.
650 _a हिन्दी साहित्य
650 _aहिन्दी हास्य व्यग्ंय
942 _hO152,8x, Q9
_cTEXL
_2cc
999 _c1012529
_d1012529